000
00396nam a22001697a 4500
003
MPLRDC
005
20220104124702.0
008
210129b ||||| |||| 00| 0 eng d
082
_a
690.33 YBQ
100
_a
姚北全
245
_a
广东风情
_c
250
_a
第一版
260
_a
_b
海峰出版社
_c
1985
300
_b
平
650
_a
中国游记--广东
942
_c
BK
_o
690.33 YBQ
999
_c
21322
_d
21312